Star Academy 2024/2025 : Quel(s) élève(s)... - Statistiques

Statistiques générales
  • Ce quiz a été pris 1 645 fois
  • Le résultat moyen est 17 sur 21
Statistiques - réponses
Question Réponse % Correct
Étaient immunisés pour la tournée ? (en citer une) Ebony, Marguerite, Maureen
93%
A gagné la saison ? Marine
93%
A été éliminée en premier ? Maylis
92%
Est aigri et passe la journée dans son lit ? Ulysse
92%
Était immunisée pour les demi-finales ? Ebony
91%
A été nommé le plus de fois ? (7 nominations) Ulysse
91%
A un single hors star ac qui a percé durant l'aventure ? Marine
90%
Sont allés et ont performé aux NMA avec David Guetta ? Emma et Masseo
88%
A été le plus de fois dans le top 3 ? Franck
88%
A imité Nikos plusieurs fois en prime ? Charles
87%
Est le préféré du père de Marine ? Franck
86%
Doit tricoter une écharpe pour Franck ? Marine
84%
Est l'icone mode de la saison ? Franck
83%
Est revenu chanter avec Charles pour sa demi-finale ? Noah
82%
A fait se lever et sauter sur la table Kamel Ouali lors de son évaluation ? Ebony
79%
Se sont mis officiellement en couple à leur sortie du château ? Maylis et Thomas
79%
A chanté en val une chanson de Clara Luciani devant Clara Luciani ? Marguerite
74%
Tombait très souvent ? Ebony
73%
Ronfle très fort ? Julie
69%
Devient crazy après 18h ? Franck
68%
S'est tapé les fesses en prime ? Paul
62%
Aucun quiz correspondant
Distribution des résultats
% des personnes avec chaque résultat
Percentile par nombre de réponses
Votre historique - résultats
Vous n’avez pas pris ce quiz